000 00354nam a2200133Ia 4500
008 240624s9999 xx 000 0 und d
041 _aeng
082 _a658.4 MAR
100 _aMARTIN THOMAS N
245 _aSMART DECISIONS THE ART OF STRATEGIC THI
260 _c2016
_aNew York
_bPalgrave Macmillan
300 _axv, 185 p.; 23 cm.
365 _cERU
_b33
999 _c32409
_d32409